000 00357nam a2200133 i 4500
001 bg
100 1 _aSZILARD, Rudolph
245 0 _aTheory and Analysis of Plates :
_bclassical and numerical methods /
_cRudolph Szilard.
260 _aEnglewood Cliffs,
_c1974.
040 _cBPK
041 _apol
942 _cKS
008 s pl f |000 0 pol
999 _c27264
_d27264
856 _uhttp://koha.tu.koszalin.pl/cgi-bin/koha/opac-detail.pl?biblionumber=27264
_yKatalog online BPK